000 00524nam a22002057a 4500
003 OSt
005 20251118020003.0
008 150611b xxu||||| |||| 00| 0 eng d
020 _a9781469832005
040 _cDNLM
082 _aQT18 C76p 2015
100 _aCostanzo, Linda S.
_91181
245 _aBRS Physiology
250 _a6th ed.
260 _aPhiladelphia;
_bWolters kluwer,
_c2015
300 _ax,318p;
_bcol.ill:
_c25cm
504 _aAnswers, & index included
650 _aPhysiology
_9215
942 _2z
_cSLOAN
_02
999 _c2023
_d2023